| 000 | 00593nam a22002537a 4500 | ||
|---|---|---|---|
| 003 | UA-OsUOA | ||
| 001 | 22542 | ||
| 007 | ta | ||
| 008 | 20031222b un ||||| |||| 00| 0 ukr d | ||
| 100 | _aГардашук Т.В. | ||
| 090 |
_a17.0 _bГ70 |
||
| 942 | _cBK | ||
| 040 |
_aUA-OsUOA _brus _cUA-OsUOA _dUA-OsUOA |
||
| 245 | _aЭтология в системе наук | ||
| 300 | _a128 с. | ||
| 955 | _a0 | ||
| 041 | _arus | ||
| 080 | _a17.0 | ||
| 020 | _a5-12-002591-9 | ||
| 260 |
_aКиев _bНаукова думка _c1991 |
||
| 044 | _aUA | ||
| 650 | 7 | _2UDC | |
| 999 |
_c308763 _d308763 |
||